Del diálogo a la refrendación : (Registro nro. 7924)
[ vista simple ]
| 000 -LEADER | |
|---|---|
| fixed length control field | 01662nam a2200325Ia 4500 |
| 003 - CONTROL NUMBER IDENTIFIER | |
| control field | CO-CtgCURN |
| 005 - DATE AND TIME OF LATEST TRANSACTION | |
| control field | 20250329173539.0 |
| 008 - FIXED-LENGTH DATA ELEMENTS--GENERAL INFORMATION | |
| fixed length control field | 201020s9999 xx 000 0 und d |
| 020 ## - INTERNATIONAL STANDARD BOOK NUMBER | |
| International Standard Book Number | 9789587833249 |
| 040 ## - CATALOGING SOURCE | |
| Original cataloging agency | CO-CtgCURN |
| Language of cataloging | spa |
| Transcribing agency | coctgcurn |
| 082 ## - DEWEY DECIMAL CLASSIFICATION NUMBER | |
| Classification number | 303.64 |
| Item number | M516d |
| 100 ## - MAIN ENTRY--PERSONAL NAME | |
| Personal name | Mejía Quintana, Oscar |
| Relator term | autor |
| 9 (RLIN) | 5220 |
| 245 #0 - TITLE STATEMENT | |
| Title | Del diálogo a la refrendación : |
| Remainder of title | perspectiva en torno al conflicto y el posacuerdo en Colombia |
| Medium | [electronic resource] / |
| Statement of responsibility, etc. | Oscar Mejía Quintana ; ed., Luis Alberto Hernández Rivero ; Ivonne Patricia León |
| 260 ## - PUBLICATION, DISTRIBUTION, ETC. | |
| Place of publication, distribution, etc. | Bogotá, Colombia : |
| Name of publisher, distributor, etc. | Universida Nacional de Colombia, |
| Date of publication, distribution, etc. | 2017 |
| 300 ## - PHYSICAL DESCRIPTION | |
| Extent | recurso en línea (170 páginas) : |
| 336 ## - CONTENT TYPE | |
| Content type term | texto |
| Content type code | txt |
| 337 ## - MEDIA TYPE | |
| Media type term | computador |
| Media type code | c |
| 338 ## - CARRIER TYPE | |
| Carrier type term | recurso en línea |
| Carrier type code | cr |
| 490 ## - SERIES STATEMENT | |
| Series statement | Colección Gerardo Molina |
| 504 ## - BIBLIOGRAPHY, ETC. NOTE | |
| Bibliography, etc. note | Incluye referencias bibliográficas |
| 505 ## - FORMATTED CONTENTS NOTE | |
| Formatted contents note | Conversaciones de paz en la Habana. Nada se ha negociado -- Lecciones de filosofía política para la paz -- Posconflicto, teoría jurídica y diálogos de paz -- Jovenes en Colombia: de la guerra al posacuerdo -- Medios de comunicación en Colombia -- Diálogos de paz en Colombia |
| 590 ## - LOCAL NOTE (RLIN) | |
| Local note | Todos los programas académicos |
| 650 ## - SUBJECT ADDED ENTRY--TOPICAL TERM | |
| Topical term or geographic name entry element | Acuerdo de paz |
| 9 (RLIN) | 5221 |
| 650 ## - SUBJECT ADDED ENTRY--TOPICAL TERM | |
| Topical term or geographic name entry element | Justicia transicional |
| 9 (RLIN) | 5222 |
| 700 ## - ADDED ENTRY--PERSONAL NAME | |
| Personal name | León, Ivonne Patricia |
| Relator term | autora |
| 9 (RLIN) | 5223 |
| 700 ## - ADDED ENTRY--PERSONAL NAME | |
| Personal name | Hernández Rivero, Luis Humberto |
| Relator term | autor |
| 9 (RLIN) | 5224 |
| 856 ## - ELECTRONIC LOCATION AND ACCESS | |
| Uniform Resource Identifier | <a href="https://unicurn.sharepoint.com/:b:/s/biblioteca/EXCt8bScou5Iq-7xZfBaEfwBdFDrBktvwoxo3JobtRSgiA?e=2fM9J9">https://unicurn.sharepoint.com/:b:/s/biblioteca/EXCt8bScou5Iq-7xZfBaEfwBdFDrBktvwoxo3JobtRSgiA?e=2fM9J9</a> |
| Public note | Vea este libro electrónico |
| 942 ## - ADDED ENTRY ELEMENTS (KOHA) | |
| Koha item type | Libros electrónicos |
| Classification part | 303.64 |
| Item part | M516d |
| Source of classification or shelving scheme | Dewey Decimal Classification |
| Withdrawn status | Lost status | Source of classification or shelving scheme | Damaged status | Not for loan | Collection | Home library | Current library | Shelving location | Date acquired | Total checkouts | Full call number | Date last seen | Price effective from | Koha item type |
|---|---|---|---|---|---|---|---|---|---|---|---|---|---|---|
| Dewey Decimal Classification | Libros electrónicos | Miguel Henríquez Castañeda Barranquilla | Miguel Henríquez Castañeda Barranquilla | 10/19/2020 | 303.64 M516d | 10/20/2020 | 10/20/2020 | Libros electrónicos |